Rice bronzing disease at toul kok trap, savay reing province : what is the cause មូលហេតុដែលបណ្តាលអោយកើតជំងឺអុជខ្មៅចំពោះដំណាំស្រូវនៅលើដីទួលគោកត្រឡប់ ខេត្តស្វាយរៀង (Record no. 340)

000 -LEADER
fixed length control field 00707nam a22001577a 4500
003 - CONTROL NUMBER IDENTIFIER
control field OSt
005 - DATE AND TIME OF LATEST TRANSACTION
control field 20150913085858.0
008 - FIXED-LENGTH DATA ELEMENTS--GENERAL INFORMATION
fixed length control field 150913b xxu||||| |||| 00| 0 eng d
040 ## - CATALOGING SOURCE
Transcribing agency RUA
082 ## - DEWEY DECIMAL CLASSIFICATION NUMBER
Classification number AGR ភុំ​ 1996 B016 Or.1
100 ## - MAIN ENTRY--PERSONAL NAME
9 (RLIN) 358
Personal name ភុំ វណ្ណារ៉ា
245 ## - TITLE STATEMENT
Title Rice bronzing disease at toul kok trap, savay reing province : what is the cause មូលហេតុដែលបណ្តាលអោយកើតជំងឺអុជខ្មៅចំពោះដំណាំស្រូវនៅលើដីទួលគោកត្រឡប់ ខេត្តស្វាយរៀង
260 ## - PUBLICATION, DISTRIBUTION, ETC. (IMPRINT)
Place of publication, distribution, etc. Phnom Penh
Name of publisher, distributor, etc. RUA
Date of publication, distribution, etc. 1996
300 ## - PHYSICAL DESCRIPTION
Extent 73p.
Other physical details ill.
Dimensions 29cm.
942 ## - ADDED ENTRY ELEMENTS (KOHA)
Source of classification or shelving scheme
Koha item type AGR
Holdings
Price effective from Date last seen Permanent Location Not for loan Date acquired Source of classification or shelving scheme Koha item type Barcode Lost status Damaged status Withdrawn status Current Location Full call number
2015-09-132015-09-13Library Block B 2015-09-13 AGRRUA005122   Library Block BAGR ភុំ​ 1996 B016 Or.1
2015-09-132015-09-13Library Block B 2015-09-13 AGRRUA005194   Library Block BAGR ភុំ​ 1996 B016 Or.2
2015-09-132015-09-13Library Block B 2015-09-13 AGRRUA004365   Library Block BAGR ភុំ​ 1996 B016 Or.3
2015-09-132015-09-13Library Block B 2015-09-13 AGRRUA004293   Library Block BAGR ភុំ​ 1996 B016 Or.4
2015-09-132015-09-13Library Block B 2015-09-13 AGRRUA004161   Library Block BAGR ភុំ​ 1996 B016 Or.5
2015-09-132015-09-13Library Block B 2015-09-13 AGRRUA004221   Library Block BAGR ភុំ​ 1996 B016 Or.6
2015-09-132015-09-13Library Block B 2015-09-13 AGRRUA005125   Library Block BAGR ភុំ​ 1996 B016 Or.7
2015-09-132015-09-13Library Block B 2015-09-13 AGRRUA004431   Library Block BAGR ភុំ​ 1996 B016 Or.8
មជ្ឈមណ្ឌលឯការនៃសាកលវិទ្យាល័យភូមិន្ទកសិកម្មចំការដូង

Powered by Koha